000 00826nam a22002897a 4500
001 BR7316184
003 BR-BrBNA
005 20230928084324.0
007 ta
008 230509b bl.||||| |||| 00| 0 por d
040 _aBR-BrBNA
_bpor
_cBiblioteca Nacional de Agricultura
041 _a(Por)
072 _aH20
_b1000
_b4150
_b/G514
090 _ 1000 BR7316184
100 1 _aMatta, E.A.F. da
100 1 _aSilva, M.E. da
245 1 _aA tristeza dos citrus na Bahia [Brasil]
260 3 _aSalvador, BA (Brasil):
_c1955.
300 _a23 p.
500 _a30 ref.; Summary (Por); Reprint of "Boletim do Instituto Biologico da Bahia" (1955)V. 1(1)
650 _aFRUTA CITRICA
650 _aTRISTEZA CITRICA
650 _aSINTOMA
650 _aPULGAO PRETO
909 _a202309
_bLucia
_c55
_dLucia Elande
942 _cBK
999 _c18156
_d18156